000 01005nam0a22002531 4500
001 rc\123771
005 20260407000044.0
035 _a(NLR Aleph) 005380473
090 _a7095310
_c7095310
100 _a20021216d1993 |||y0rusy50 ca
101 0 _arus
102 _aRU
105 _ay |||||||||
200 1 _aСОВЕРШЕНСТВОВАНИЕ законодательства: поиск и решения
_eСб. науч. тр. адъюнктов и соискателей
_fМ-во внутр. дел Рос. Федерации. Тюм. высш. шк.
210 _aТюмень
_cН.-и. отд. Тюм. высш. шк. МВД РФ
_d1993
215 _a110 с.
_d20
320 _aБиблиогр. в конце ст.
712 0 2 _4570
_aТюменская высшая школа МВД Российской Федерации
_9475499
_3RU\NLR\AUTH\889990008
801 0 _aRU
_bNLR
_gpsbo
801 1 _aRU
_bELAR
_2rusmarc
852 _aNLR
_j93-3/4223
942 _cBOOK
980 _aNB